Statystyki dla Najgorsi dyktatorzy w historii

Kliknij tutaj aby rozwiązać quiz!

Ogólne statystyki

  • Ten quiz został rozwiązany 289 razy
  • Średni wynik to 5 z 10

Statystyki odpowiedzi

PaństwoLiczba ofiarImię i nazwisko% Poprawnych
ZSRR40 000 000 - 62 000 000Józef Stalin
99%
III Rzesza17 000 000 - 20 000 000Adolf Hitler
98%
Chiny45 000 000 - 75 000 000Mao Zedong
77%
ZSRR4 000 000Włodzimierz Lenin
77%
Korea Północna1 500 000Kim Ir Sen
58%
Kambodża1 700 000Pol Pot
48%
Chiny, Tajwan10 000 000Czang Kaj-szek
24%
Belgia13 000 000Leopold II Koburg
20%
Japonia4 000 000Hideki Tojo
18%
Turcja2 000 000Ismail Enver Pasza
7%

Rozkład punktacji

Percentyl według liczby udzielonych odpowiedzi

Procent ludzi z każdym wynikiem

Twoja historia wyników

Nie rozwiązałeś tego quizu